Guide to house rebuilding costs 2004 (Record no. 103318)
[ view plain ]
| 000 -LEADER | |
|---|---|
| fixed length control field | 01442cam a2200265 4500 |
| 008 - FIXED-LENGTH DATA ELEMENTS--GENERAL INFORMATION | |
| fixed length control field | 000000n2004 000 0 eng u |
| 020 ## - INTERNATIONAL STANDARD BOOK NUMBER | |
| International Standard Book Number | 1904829023 |
| 035 ## - SYSTEM CONTROL NUMBER | |
| System control number | (Sirsi) u124949 |
| 041 ## - LANGUAGE CODE | |
| Language code of text/sound track or separate title | eng |
| 050 ## - LIBRARY OF CONGRESS CALL NUMBER | |
| Classification number | 690.23 |
| -- | 18 |
| 110 ## - MAIN ENTRY--CORPORATE NAME | |
| Corporate name or jurisdiction name as entry element | Building Cost Information Service |
| 9 (RLIN) | 1096 |
| 245 ## - TITLE STATEMENT | |
| Title | Guide to house rebuilding costs 2004 |
| 250 ## - EDITION STATEMENT | |
| Edition statement | 26th ed. |
| 260 ## - PUBLICATION, DISTRIBUTION, ETC. | |
| Place of publication, distribution, etc. | London |
| Name of publisher, distributor, etc. | RICS |
| Date of publication, distribution, etc. | 2004 |
| 300 ## - PHYSICAL DESCRIPTION | |
| Extent | 108p. |
| Dimensions | 30cm. |
| 350 ## - PRICE (NR) (BK AM CF MU VM SE) [OBSOLETE] | |
| Price | 65 |
| 520 ## - SUMMARY, ETC. | |
| Summary, etc. | Annual publication giving details of rebuilding costs for houses for reinstatement cost assessment. The rebuilding cost tables show the costs for gross external floor area in four regional groups, covering five house types, four age bands, three sizes and three quality bands. The guide also provides: additional costs and adjustments; regional variations; demolition costs; architects and surveyors fees; notes on preparing a reinstatement cost assessment; factors affecting building costs; specification and design notes; and elemental cost tables for different types and age of house. Supplements include the rebuilding cost tables for gross internal floor area and the ABI/BCIS house rebuilding cost index. Appendices. |
| 650 ## - SUBJECT ADDED ENTRY--TOPICAL TERM | |
| Topical term or geographic name entry element | HOUSE REBUILDING COSTS |
| 650 ## - SUBJECT ADDED ENTRY--TOPICAL TERM | |
| Topical term or geographic name entry element | INSURANCE COSTS |
| 650 ## - SUBJECT ADDED ENTRY--TOPICAL TERM | |
| Topical term or geographic name entry element | BUILT ENVIRONMENT-BUILDING COSTS-REINSTATEMENT COSTS |
| 650 ## - SUBJECT ADDED ENTRY--TOPICAL TERM | |
| Topical term or geographic name entry element | REINSTATEMENT COST ASSESSMENT |
| 690 ## - LOCAL SUBJECT ADDED ENTRY--TOPICAL TERM (OCLC, RLIN) | |
| Topical term or geographic name as entry element | BUILT ENVIRONMENT-BUILDING COSTS |
| 942 ## - ADDED ENTRY ELEMENTS (KOHA) | |
| Suppress in OPAC | 0 |
| Withdrawn status | Lost status | Source of classification or shelving scheme | Damaged status | Not for loan | Home library | Current library | Shelving location | Date acquired | Cost, normal purchase price | Total Checkouts | Full call number | Barcode | Date last seen | Copy number | Cost, replacement price | Price effective from | Koha item type | Date last checked out |
|---|---|---|---|---|---|---|---|---|---|---|---|---|---|---|---|---|---|---|
| Dewey Decimal Classification | London | London | RICS Boxes | 14/05/2004 | 65.00 | RICS 2004/12 | 30069257 | 06/08/2019 | 1 | 65.00 | 06/08/2019 | Archive | ||||||
| Dewey Decimal Classification | London | London | RICS Boxes | 14/05/2004 | 65.00 | RICS 2004/12 | 30069253 | 06/08/2019 | 2 | 65.00 | 06/08/2019 | Reference material | ||||||
| Dewey Decimal Classification | London | London | RICS Boxes | 14/05/2004 | 65.00 | 16 | RICS 2004/12 | 30069276 | 06/08/2019 | 3 | 65.00 | 06/08/2019 | Book | 08/02/2007 |